Synopse der drei ersten Evangelien

Αποθηκεύτηκε σε:
Λεπτομέρειες βιβλιογραφικής εγγραφής
Κύριος συγγραφέας: Huck, Albert 1867-
Μορφή: Βιβλίο
Γλώσσα:German
Ancient Greek
Δημοσίευση: Tubingen : J.C.B. Mohr (Paul Siebeck), 1950
Έκδοση:10. Aufl.
Ετικέτες: Προσθήκη ετικέτας
Δεν υπάρχουν, Καταχωρήστε ετικέτα πρώτοι!

MARC

LEADER 00000cam a2200000 i 4500
001 1/32631
008 060720s1950 ger d
035 |l 10084728 
040 |a GR-MY-UA  |b gre  |e aacr 
041 0 |a ger  |a grc 
082 0 |a 226.1  |2 (22) 
100 1 |a Huck, Albert  |d 1867- 
245 1 0 |a Synopse der drei ersten Evangelien /  |c Albert Huck 
250 |a 10. Aufl. 
260 |a Tubingen :   |b J.C.B. Mohr (Paul Siebeck),   |c 1950 
300 |a xx, 213 σ.;  |c 26 εκ. 
500 |a "Photomechanischer Neudruck der unter Mitwirkung von H.G. Opitz von Hans Lietzmann vollig neu bearbeiteten neunten Auflage" 
504 |a Περιλαμβάνει βιβλιογραφικές αναφορες και ευρετήριο 
852 |a INST  |b RHODES  |c KRI  |e 20060720  |h  226.1 HUC  |p 005400024784  |q 005400024784  |t BK  |y 0 
901 |a BIBL4-2006-2 
909 |a Ρ  |b 126548 
970 |a ΚΟΖΑ  |b ΜΑΡΙΑ  |z 2006/07/20